000 00267nam a2200109Ia 4500
008 190216s9999||||xx |||||||||||||| ||und||
100 _aStettler
245 0 _aAuditing Principles
260 _bPrentice Hall Of India Pvt Ltd
650 _aCommerce-Auditing
942 _cBK
999 _c5027
_d5027